000 00529nam a2200193Ia 4500
003 OSt
005 20230527105008.0
008 210423s2005 xx 000 0 und d
040 _cAL
082 _a307.72
_223
_b RAVE
100 _aRAVI (R Venkata);others
_9115236
245 _aEmpowering rural india
260 _aNew Delhi
_bKanishka Publishers Distributors
_c2005
365 _b750
_cINR
650 _aRural Communities
_9115237
650 _aSociology
_9115238
906 _aEmpowering ; india ; rural
942 _2ddc
_cBK
999 _c174364
_d174364